Accounting, auditing and accountability journal (Record no. 810)
| 000 -LEADER | |
|---|---|
| fixed length control field | 01428nam a22001937a 4500 |
| 003 - CONTROL NUMBER IDENTIFIER | |
| control field | OSt |
| 005 - DATE AND TIME OF LATEST TRANSACTION | |
| control field | 20140116120838.0 |
| 008 - FIXED-LENGTH DATA ELEMENTS--GENERAL INFORMATION | |
| fixed length control field | 111112t xxu||||| |||| 00| 0 eng d |
| 022 ## - INTERNATIONAL STANDARD SERIAL NUMBER | |
| International Standard Serial Number | 0951-3574 |
| 245 ## - TITLE STATEMENT | |
| Title | Accounting, auditing and accountability journal |
| Medium | [electronic resource] . |
| 260 ## - PUBLICATION, DISTRIBUTION, ETC. (IMPRINT) | |
| Place of publication, distribution, etc | Bingley, UK : |
| Name of publisher, distributor, etc | Emerald , |
| Date of publication, distribution, etc | 1988- |
| 300 ## - PHYSICAL DESCRIPTION | |
| Extent | e-resource - no physical copies |
| 501 ## - WITH NOTE | |
| With note | The Accounting, Auditing & Accountability Journal is dedicated to the advancement of accounting knowledge and provides a forum for the publication of high quality manuscripts concerning the interaction between accounting/auditing and their socio-economic and political environments. It therefore encourages critical analysis of policy and practice in these areas. Analysis could explore policy alternatives and provide new perspectives for the accounting discipline.<br/><br/>The problems of concern are international (in varying degree) and may have differing cultural, social and institutional structures. Analysis can be international, national or organization specific. It can be from a single, multi- or inter-disciplinary perspective. |
| 533 ## - REPRODUCTION NOTE | |
| Type of reproduction | Electronic reporoduction |
| Agency responsible for reproduction | Emerald Group Publishing Limited |
| Note about reproduction | Available via World Wide Web |
| 650 ## - SUBJECT ADDED ENTRY--TOPICAL TERM | |
| Topical term or geographic name as entry element | Accounting |
| 650 ## - SUBJECT ADDED ENTRY--TOPICAL TERM | |
| Topical term or geographic name as entry element | Accounting-- finance -- management. |
| 856 ## - ELECTRONIC LOCATION AND ACCESS | |
| Materials specified | Click here to access journal. |
| Uniform Resource Identifier | <a href="http://www.emeraldinsight.com/journals.htm?issn=0951-3574">http://www.emeraldinsight.com/journals.htm?issn=0951-3574</a> |
| 942 ## - ADDED ENTRY ELEMENTS (KOHA) | |
| Source of classification or shelving scheme | |
| Koha item type | Electronic Journal |
| Withdrawn status | Lost status | Source of classification or shelving scheme | Damaged status | Not for loan | Home library | Current library | Date acquired | Total Checkouts | Full call number | Barcode | Date last seen | Price effective from | Koha item type |
|---|---|---|---|---|---|---|---|---|---|---|---|---|---|
| Riara University Library | Riara University Library | 12/11/2011 | Electronic journal | AJ | 12/11/2011 | 12/11/2011 | Electronic Journal |
